[Event "AUT-ch U16/18 Girls"]
[Site "Tschagguns"]
[Date "2006.04.10"]
[Round "3.6"]
[White "Froschauer, Monika"]
[Black "Mosshammer, Maria"]
[Result "1/2-1/2"]
[WhiteElo "1347"]
[BlackElo "1516"]
[PlyCount "49"]
[EventDate "2006.04.09"]
[EventType "swiss"]
[EventRounds "7"]
[EventCountry "AUT"]
[SourceTitle "EXT 2024"]
[Source "ChessBase"]
[SourceDate "2023.10.10"]
[SourceVersion "1"]
[SourceVersionDate "2023.10.10"]
[SourceQuality "1"]

1. e4 e5 2. Nf3 Nc6 3. Bc4 Bc5 4. 0-0 d6 5. Nc3 Bg4 6. h3 Bh5 7. Be2 Nf6 8. d3 h6 9. Be3 Bxf3 10. Bxf3 Nd4 11. Na4 b6 12. Nxc5 bxc5 13. c3 Ne6 14. d4 cxd4 15. cxd4 exd4 16. Bxd4 Nxd4 17. Qxd4 c5 18. Qa4+ Qd7 19. Qxd7+ Nxd7 20. Rad1 Rb8 21. b3 Ke7 22. Bg4 Ne5 23. Be2 Rb4 24. f3 a5 25. Bd3 1/2-1/2